Statistics for Map of The Netherlands Quiz

Click here to take the quiz!

General Stats

  • This quiz has been taken 20 times
    (17 since last reset)
  • The average score is 10 of 12

Answers on the Map

Answers color-coded by a green-red scale on the quiz's map according to % correct below.
 

Answer Stats

Answer% Correct
Flevoland
94%
Noord-Holland
94%
Utrecht
94%
Zuid-Holland
94%
Limburg
88%
Zeeland
88%
Drenthe
82%
Friesland
82%
Groningen
82%
Noord-Brabant
82%
Gelderland
76%
Overijssel
76%

Score Distribution

Percentile by Number Answered

Percent of People with Each Score

Your Score History

You have not taken this quiz since the last reset